000 00301nam a22001337a 4500
008 170927b xxu||||| |||| 00| 0 eng d
020 _a9780683020588
041 _aeng
080 _a37
100 _a47
101 _aEDU
245 _aUNDERSTANDING VOICE PROBLEMS
_cCOLTON.R.H
942 _2udc
_cBK
999 _c30252
_d30252